00309 a2200097 4500001001000000005001700010008004100027245007500068100002100143773004700164ART_6011720260410162052.0260409a 10aRegularización de deudas fiscales y activos. Aspectos controvertidos1 aVega, Gerardo E.0 tImpuestosg- N° 164 (ene. 2024)wREV45175